000 01003nam a22002057a 4500
005 20240206105537.0
010 _aHIN-126815
020 _a9789389742749
_c595.00
035 _aHN-99161
037 _bDBAD/PUB
082 _a820.08
100 _aकन्हैया सिंह
_961705
245 _aआलोचना के प्रत्यय;इतिहास और विमर्श /
_cकन्हैया सिंह
260 _aआगरा
_bलोकभारती प्रकाशन
_c 2023
270 _aपहली मंजिल,दरबारी बिल्डिंग महात्मा गाँधी मार्ग
_bप्रयागराज
_e211001
270 _a1-बी नेताजी सुभाष मार्ग दरियागंज
_bनई दिल्ली
_e110002
300 _a208पृ.;
_c22 सेमी.(सजिल्द)
700 _e
_961527
942 _2ddc
_cHN
_h820.08
_mकन्हैया
999 _c200541
_d200541